MARC details
| 000 -CABECERA |
| campo de control de longitud fija |
01490ngm a2200229 a 4500 |
| 005 - FECHA Y HORA DE LA ÚLTIMA TRANSACCIÓN |
| campo de control |
20250926063858.0 |
| 008 - ELEMENTOS DE LONGITUD FIJA--INFORMACIÓN GENERAL |
| campo de control de longitud fija |
041124s1992 mx 105 d daspa d |
| 035 ## - NÚMERO DE CONTROL DEL SISTEMA |
| Número de control de sistema |
UPN01000136519 |
| 049 ## - COLECCIÓN |
| Colección |
AV |
| 050 #4 - SIGNATURA TOPOGRÁFICA DE LA BIBLIOTECA DEL CONGRESO |
| Número de clasificación |
PVI PN 1276 |
| 245 00 - MENCIÓN DE TÍTULO |
| Título |
Arenas blancas / |
| Mención de responsabilidad, etc. |
dir. Roger Donaldson ; producida por James G. Robinson y Morgan Creek. |
| 260 ## - PUBLICACIÓN, DISTRIBUCIÓN, ETC. |
| Lugar de publicación, distribución, etc. |
Estados Unidos : |
| Nombre del editor, distribuidor, etc. |
Warner Brothers, |
| Fecha de publicación, distribución, etc. |
1992. |
| 300 ## - DESCRIPCIÓN FÍSICA |
| Extensión |
1 videocasete (VHS) (105 min.) : |
| Otras características físicas |
son., col. |
| 500 ## - NOTA GENERAL |
| Nota general |
Subtítulos en español |
| 511 1# - NOTA DE PARTICIPANTES O INTÉRPRETES |
| Nota de participantes o intérpretes |
Reparto: William Defoe, Mary Elizabeth Mastrantonio, Mickey Rourke, Samuel L. Jackson, Mimi Rogers, M. Emmet Walsh, James Rebhorn, Maura Tierney |
| 520 ## - NOTA DE RESUMEN, ETC. |
| Sumario, etc. |
Sinopsis: Entre las silenciosas ruinas del desierto de Nuevo Méjico, descansa el cuerpo impecablemente vestido de un hombre boca abajo, con los brazos extendidos, una pistola en una mano y una maleta en mano con medio millón de dólares en efectivo. Para el sheriff de un pequeño pueblo, Ray Dolezal, al que su trabajo le resulta rutinario y aburrido, el hombre sin identificar significa un misterio intrigante e irresistible. Si se trata de un suicidio no entiende por qué no hay ningún indicio al respecto, y si fue un asesinato no acaba de explicarse por qué el asesino dejó todo el dinero en la maleta |
| 534 ## - NOTA SOBRE LA VERSIÓN ORIGINAL |
| Frase introductoria |
Traducción de: |
| Mención de título del original |
White sands |
| 650 #4 - ASIENTO SECUNDARIO DE MATERIA - TERMINO TEMATICO |
| Término de materia o nombre geográfico como elemento de entrada |
CRIMINOLOGIA - |
| Subdivisión de forma |
DRAMA |
| 9 (RLIN) |
12953 |
| 650 #4 - ASIENTO SECUNDARIO DE MATERIA - TERMINO TEMATICO |
| Término de materia o nombre geográfico como elemento de entrada |
Películas cinematográficas |
| 9 (RLIN) |
188 |
| 700 1# - ASIENTO SECUNDARIO--NOMBRE DE PERSONAL |
| Nombre de persona |
Donaldson, Roger, |
| Fechas asociadas al nombre |
1945- , |
| Término indicativo de función/relación |
dir. |
| 905 ## - TIPO DE MATERIAL |
| Tipo de material |
Audiovisuales |